000 00643nam a2200193 a 4500
001 000024400
005 20200930022956.0
008 110127s1997 dr 000 0 spa d
020 _z9769502747
040 _aDO-SdBNP
_bspa
_cBNPHU
082 _axxxx
_bC387p
100 1 _aCeballos, José
_950031
245 1 0 _aParticipación comunitaria en la reforma del estado /
_cJosé Ceballos.
260 _aSanto Domingo :
_bComisión Presidencial para la Reforma y modernización del Estado,
_c1997.
300 _a57 p. ;
_c23 cm.
490 1 _aConversatorios de la Reforma
_v12
830 0 _aConversatorios de la Reforma
_n12
_950032
049 _aBNPD
999 _c23893
_d23893